000 01144nam a2200313 i 4500
003 EG-GICUC
005 20260121101513.0
008 251216s1971 ua ||||fr||| 00| 00|ara d
017 _a19706332
040 _a EG-GICUC
_bara
_c EG-GICUC
_d EG-GICUC
_erda
041 _aara
082 0 4 _221
_a343.6
_bر ؤ . م
092 0 4 _221
099 _aLaw1 10 343.6 ر ؤ . م 1971
100 0 _aرؤوف عبيد
_eمؤلف.
245 1 0 _aمبادئ علم الإجرام /
_cرؤوف عبيد.
264 1 _aالقاهرة :
_bدار الفكر العربي،
_c1971.
300 _a؛ 467 صفحة
_c24 سم.
336 _2rda content
_atext
337 _2rda media
_aComputer
338 _2rda carrier
_aOnline Resource
504 _aيحتوي على ارجاعات ببليوجرافية يحتوي على قائمة بالمراجع
546 _aالنص أغلبه باللغة العربية بعض النصوص الإنجليزية والفرنسية
650 1 4 _aعلم الإجرام
_2qrmak
651 1 _2qrmak
856 4 0 _uhttps://fll.law.cu.edu.eg/fulltext/bks/B10-07110.pdf
905 _a75
942 _2ddc
_cBK
_e21
_n0
999 _c50966
_d50966